Edificios de apartamentos / (Registro nro. 9852)
[ vista simple ]
| 000 -LEADER | |
|---|---|
| Campo de control de longitud fija | 00957nam a22002657a 4500 |
| 003 - IDENTIFICADOR DEL NÚMERO DE CONTROL | |
| Campo de control | PE SENCICO BE |
| 005 - FECHA Y HORA DE LA ÚLTIMA TRANSACCIÓN | |
| Campo de control | 20260306163338.0 |
| 008 - ELEMENTOS DE LONGITUD FIJA - INFORMACIÓN GENERAL | |
| Campo de control de longitud fija | 260217b |||||||| |||| 00| 0 eng d |
| 020 ## - ISBN | |
| ISBN | 978-84-96429-94-9 |
| 040 ## - FUENTE DE CATALOGACIÓN | |
| Origen de catalogación | PE SENCICO BE |
| Agencia que realiza la transcripción | PE SENCICO BE |
| 041 ## - CÓDIGO DE IDIOMA | |
| Idioma del texto | spa |
| 082 ## - NÚMERO DE CLASIFICACIÓN DECIMAL DEWEY | |
| Código de Clasificación Dewey | 728 |
| Notación Interna | L5 |
| 110 1# - ASIENTO PRINCIPAL--NOMBRE CORPORATIVO | |
| Autor Corporativo | Lexus editores |
| 9 (RLIN) | 88 |
| Término Relacionado | autor |
| 245 ## - MENCIÓN DEL TITULO | |
| Título | Edificios de apartamentos / |
| Mención de responsabilidad | Lexus Editores |
| 250 ## - MENCIÓN DE EDICIÓN | |
| Edición | [1a ed.] |
| 260 ## - PUBLICACIÓN, DISTRIBUCIÓN, ETC. (PIE DE IMPRENTA) | |
| Lugar de publicación, distribución, etc. | sin lugar : |
| Nombre de la Editorial, Distribuidor, etc. | Lexus editores ; |
| Fecha de publicación, distribución, etc. | 2007 |
| 300 ## - DESCRIPCIÓN FÍSICA | |
| Paginación | 239 páginas : |
| Otros detalles físicos | ilustraciones, diagramas, tablas ; |
| Dimensión | 31 cm., |
| 505 0# - NOTA DE CONTENIDO CON FORMATO PREESTABLECIDOE | |
| Contenido o índice | Apartamentos en la calle Mozart -- Apartamentos en Suiza -- Edificios de 12 viviendas -- Edificios residencial en Londres -- Edificios para 48 apartamentos |
| 520 3# - NOTA DE RESUMEN, ETC. | |
| Resumen, etc. | Muestra ilustraciones de proyectos con las ultimas tendencias |
| 650 10 - ASIENTO SECUNDARIO DE MATERIA - TERMINO TEMÁTICO | |
| Término de tema o elemento de entrada de nombre geográfico | Apartamentos |
| 9 (RLIN) | 402 |
| 650 20 - ASIENTO SECUNDARIO DE MATERIA - TERMINO TEMÁTICO | |
| Término de tema o elemento de entrada de nombre geográfico | Decoración de interiores |
| 9 (RLIN) | 398 |
| 650 20 - ASIENTO SECUNDARIO DE MATERIA - TERMINO TEMÁTICO | |
| Término de tema o elemento de entrada de nombre geográfico | Muebles |
| 9 (RLIN) | 7 |
| 910 ## - RESPONSABLE DEL REGISTRO | |
| Coordinador de procesamiento de la información | hfp |
| 942 ## - ELEMENTOS DE KOHA | |
| Fuente de clasificación o esquema de estanterías | Dewey Decimal Classification |
| Tipo de documento | Libros |
| 999 ## - | |
| -- | 9852 |
| -- | 9852 |
| Estado Retiro | Estado Perdido | Sistema de Clasificación o Esquema de Estantería | Estado Dañado | No es para préstamo | Ubicación Permanente | Ubicación Actual | Fecha de adquisición | Total Checkouts | Signatura topográfica completa | Código de Barras | Date last seen | Precio efectivo desde | Tipo de ítem |
|---|---|---|---|---|---|---|---|---|---|---|---|---|---|
| Dewey Decimal Classification | Biblioteca Piura | Biblioteca Piura | 17/02/2026 | 728/L5 | BibZpiur26022669 | 17/02/2026 | 17/02/2026 | Libros |